Statistics for Guess the 1970s song lyrics #275

Click here to take the quiz!

General Stats

  • This quiz has been taken 11 times
  • The average score is 234 of 351

Answer Stats

Answer% Correct
a
100%
and
100%
And
100%
I
100%
it
100%
the
100%
Then
100%
to
100%
are
91%
Are
91%
in
91%
is
91%
me
91%
too
91%
We
91%
we
91%
When
91%
as
82%
love
82%
Love
82%
more
82%
my
82%
no
82%
you
82%
You
82%
all
73%
by
73%
can
73%
for
73%
From
73%
Its
73%
It's
73%
just
73%
much
73%
of
73%
You're
73%
had
64%
I'm
64%
oh
64%
Oh
64%
so
64%
come
55%
got
55%
night
55%
see
55%
thing
55%
beautiful
45%
climb
45%
die
45%
girl
45%
harder
45%
heaven
45%
high
45%
life
45%
line
45%
lot
45%
Made
45%
make
45%
mountain
45%
new
45%
Nobody
45%
our
45%
waiting
45%
world
45%
anymore
36%
day
36%
dream
36%
gets
36%
light
36%
never
36%
Ooh
36%
sky
36%
such
36%
through
36%
will
36%
away
27%
cry
27%
flows
27%
forever
27%
highway
27%
store
27%
tomorrow
27%
turn
27%
above
18%
beyond
18%
Everything
18%
fade
18%
precious
18%
summer
18%
tears
18%

Score Distribution

Percentile by Number Answered

Percent of People with Each Score

Your Score History

You have not taken this quiz